00717nam a2200229 a 4500001001300000003000900013005001700022008004100039020001000080082001800090100001600108245004900124260006000173500003500233505002800268650002200296700001600318902000800334942000700342952012100349999001700470nice12345678IN_TiNIC20260116015239.0050524s2000 newa grp 000 0 eng  ac10000a954.165bIRA1 aIrali, Kakd aNagaland and Indiab The Blood and the Tears aNew DelhibQaumi Council Barai Taraqi-E-Urdu Langc2000 aincludes index and biblioraphy2 aForeign Parts 1701-1950 aNagaland-Politics1 aIrali, Kakd bSRS cBK 001040708StackRoom-aHMIbHMId2009-01-13g100.00l0o954.165 IRA1p11001440r2009-01-13v100.00w2005-05-24yBK c18903d18903